Movies That Start With "D" by Picture - Statistics

General Stats
  • This quiz has been taken 215 times
  • The average score is 10 of 14
Answer Stats
Picture Answer % Correct
Dumbo
99%
Deadpool
93%
Dark Knight, The
87%
Despicable Me
85%
Dumb and Dumber
84%
Die Hard
83%
Django Unchained
82%
Doctor Strange
78%
Dune
75%
Devil Wears Prada, The
73%
Daredevil
71%
Da Vinci Code, The
56%
Dr. Strangelove
32%
Doctor Zhivago
27%
No matching quizzes found
Score Distribution
Percent of People with Each Score
Percentile by Number Answered
Your Score History
You have not taken this quiz